| 000 | 00666nam a2200229 a 4500 | ||
|---|---|---|---|
| 999 |
_c267 _d267 |
||
| 001 | 267 | ||
| 003 | BD-JhCC | ||
| 005 | 20200407134007.0 | ||
| 008 | 171003s2012 bg |||| ||a| 000 0 ben d | ||
| 020 | _a9789848812085 | ||
| 035 | _a(BD-JhCC)267 | ||
| 040 |
_aBD-JhCC _dBD-JhCC |
||
| 041 | _aben | ||
| 082 |
_a891.442 _bAHM 2012 |
||
| 100 | _aআহমেদ, হুমায়ূন | ||
| 245 |
_aনৃপতি / _cহুমায়ূন আহমেদ |
||
| 260 |
_aঢাকাঃ _bজ্ঞানকোষ প্রকাশনী, _c২০১২ |
||
| 300 |
_a৫৪ পৃ.; _c21 CM. |
||
| 650 | _aBengali drama | ||
| 942 |
_2ddc _cBK _04 |
||